Characters in both Star Wars Rebels and The Clone Wars - Statistics

General Stats
  • This quiz has been taken 463 times
  • The average score is 13 of 25
Answer Stats
Episodes in Clone Wars Episodes in Rebels Character % Correct
69 13 Ahsoka Tano
96%
97 4 Anakin Skywalker / Darth Vader
95%
62 23 Rex
93%
81 1 Obi-Wan Kenobi
86%
11 4 Maul
79%
12 4 Wolffe
72%
38 2 Sheev Palpatine
70%
1 4 Gregor
69%
1 56 Kanan Jarrus
66%
15 1 C-3PO
65%
68 2 R2-D2
65%
53 1 Yoda
63%
7 6 Wilhuff Tarkin
53%
9 5 Hondo Ohnaka
46%
9 2 Bo-Katan Kryze
45%
17 6 Bail Organa
42%
14 6 Mon Mothma
39%
4 2 Saw Gerrera
38%
2 2 Cham Syndulla
32%
21 1 Wullf Yularen
29%
3 2 Gar Saxon
18%
1 2 Numa
13%
4 4 Ursa Wren
13%
2 2 Gobi Glie
10%
3 1 Kalani
8%
No matching quizzes found
Score Distribution
Percent of People with Each Score
Percentile by Number Answered
Your Score History
You have not taken this quiz